Immanuel Kant's Critique of pure reason / (Record no. 6895)
[ view plain ]
| 000 -LEADER | |
|---|---|
| fixed length control field | 01063nam a2200325 a 4500 |
| 001 - CONTROL NUMBER | |
| JCCL Control Number | 6895 |
| 003 - CONTROL NUMBER IDENTIFIER | |
| JCCL marc code | BD-JhCC |
| 005 - DATE AND TIME OF LATEST TRANSACTION | |
| control field | 20180422091524.0 |
| 008 - FIXED-LENGTH DATA ELEMENTS--GENERAL INFORMATION | |
| fixed length control field | 180131s18961881nyu 001 0 eng d |
| 035 ## - SYSTEM CONTROL NUMBER | |
| system control number | (BD-JhCC)6895 |
| 040 ## - CATALOGING SOURCE | |
| Original cataloging agency | BD-JhCC |
| Transcribing agency | NHM |
| Modifying agency | BD-JhCC |
| -- | EQO |
| 041 1# - LANGUAGE CODE | |
| Language code of Book | eng |
| Language code of original and/or intermediate translations of text | ger |
| 082 ## - DEWEY DECIMAL CLASSIFICATION NUMBER | |
| Classification number | 193 |
| Author mark and Year | IMM 1973 |
| 090 ## - LOCALLY ASSIGNED LC-TYPE CALL NUMBER (OCLC); LOCAL CALL NUMBER (OCLC) | |
| Classification number (OCLC) (R) ; Classification number, CALL (RLIN) (NR) | B2778.E5 |
| Local cutter number (OCLC) ; Book number/undivided call number, CALL (RLIN) | M85 |
| 245 10 - TITLE STATEMENT | |
| Title | Immanuel Kant's Critique of pure reason / |
| Statement of responsibility, etc | in commemoration of the centenary of its first publication, tr. into English by F. Max Müller. |
| 260 ## - PUBLICATION, DISTRIBUTION, ETC. (IMPRINT) | |
| Place of publication, distribution, etc | New York : |
| Name of publisher, distributor, etc | Macmillan, |
| Date of publication, distribution, etc | 1896. |
| 300 ## - PHYSICAL DESCRIPTION | |
| Pagination | 681 p. ; |
| Dimensions | 23 cm. |
| 500 ## - GENERAL NOTE | |
| General note | "First edition printed 1881; reprinted with alterations, 1896." |
| 500 ## - GENERAL NOTE | |
| General note | Includes the translator's prefaces |
| 500 ## - GENERAL NOTE | |
| General note | Translation of Kritik der reinen Vernunft |
| 504 ## - BIBLIOGRAPHY, ETC. NOTE | |
| Bibliography, etc | Includes Index |
| 650 #0 - SUBJECT ADDED ENTRY--TOPICAL TERM | |
| Topical term or geographic name as entry element | Causation |
| 650 #0 - SUBJECT ADDED ENTRY--TOPICAL TERM | |
| Topical term or geographic name as entry element | Knowledge, Theory of |
| 650 #0 - SUBJECT ADDED ENTRY--TOPICAL TERM | |
| Topical term or geographic name as entry element | Reason |
| 700 1# - ADDED ENTRY--PERSONAL NAME | |
| Personal name | Müller, F. Max |
| Fuller form of name | (Friedrich Max), |
| Dates associated with a name | 1823-1900. |
| 700 1# - ADDED ENTRY--PERSONAL NAME | |
| Personal name | Kant, Immanuel, |
| Dates associated with a name | 1724-1804. |
| 740 0# - | |
| Uncontrolled related/analytical title | Critique of pure reason |
| 942 ## - ADDED ENTRY ELEMENTS (KOHA) | |
| Source of classification or shelving scheme | Dewey Decimal Classification |
| Koha item type | Books |
| Source of classification or shelving scheme | Damaged status | Not for loan | Home library | Current library | Shelving location | Total Checkouts | Full call number | Barcode | Date last seen | Copy number | Koha item type |
|---|---|---|---|---|---|---|---|---|---|---|---|
| Dewey Decimal Classification | JCC Rouf Library | JCC Rouf Library | General Stacks | 193 IMM 1973 | 8934 | 01/31/2018 | C-1 | Books |